LIBRARY & INFORMATION CENTRE, KCAET, TAVANUR

ONLINE PUBLIC ACCESS CATALOGUE (OPAC)

Performance evaluation of a paddy drum seeder in a farmer's field in Chamravattom of Malappuram district (Record no. 14930)

MARC details
000 -LEADER
fixed length control field 00795nam a22001817a 4500
003 - CONTROL NUMBER IDENTIFIER
control field OSt
088 ## - REPORT NUMBER
Report number P 164
100 ## - MAIN ENTRY--AUTHOR NAME
Personal name BINOY K.M
-- JAYASANKAR S. KAIMAL
245 ## - TITLE STATEMENT
Title Performance evaluation of a paddy drum seeder in a farmer's field in Chamravattom of Malappuram district
260 ## - PUBLICATION, DISTRIBUTION, ETC. (IMPRINT)
Place of publication Tavanur 2006
Name of publisher Kelappaji College of Agricultural Engineering and Technology
300 ## - PHYSICAL DESCRIPTION
Number of Pages 52
500 ## - GENERAL NOTE
General note Performance evaluation of a paddy drum seeder in a farmer's field in Chamravattom of Malappuram district
520 ## - SUMMARY, ETC.
Summary, etc Performance evaluation of a paddy drum seeder in a farmer's field in Chamravattom of Malappuram district
700 ## - ADDED ENTRY--PERSONAL NAME
Personal name Dr. Jayan P.R (Guide)
856 ## - ELECTRONIC LOCATION AND ACCESS
Uniform Resource Identifier https://drive.google.com/open?id=11XY_cnsBZZ-V7-urY52sPcidx8CZ9gUP
942 ## - ADDED ENTRY ELEMENTS (KOHA)
Koha item type Project Report
Holdings
Collection code Home library Current library Shelving location Full call number Accession Number Koha item type
Reference KAUAET KAUAET Reference 631.3 BIN/PE P 164 Project Report
free website counter